Piłkarze Realu Madryt - nagła śmierć - Statystyki

Ogólne statystyki
  • Ten quiz został rozwiązany 1 241 razy
  • Średni wynik to 17 z 22
Answers on the Grid
Answers color-coded by a green-red scale on the quiz's grid according to % correct below.
Cristiano Ronaldo
Lionel Messi
Karim Benzema
Zlatan Ibrahimović
Kevin De Bruyne
Kylian Mbappé
Virgil van Dijk
Gareth Bale
Gianluigi Buffon
Luka Modrić
Paul Pogba
Ángel Di María
Antoine Griezmann
Jude Bellingham
Vinícius Júnior
Romelu Lukaku
Federico Valverde
Sergio Busquets
David Alaba
Federico Chiesa
Paulo Dybala
Keylor Navas
Emmanuel Adebayor
Raphaël Varane
Diego Costa
Mohamed Salah
Achraf Hakimi
Riccardo Calafiori
Marcelo
Javier Zanetti
Wayne Rooney
Theo Hernández
Patrice Evra
Toni Kroos
Gerard Piqué
Dejan Stanković
Xabi Alonso
Jan Oblak
Antonio Conte
Dani Ceballos
Ricardo Quaresma
Mesut Özil
Darwin Núñez
Ricardo Carvalho
Jorginho
Jerzy Dudek
James Milner
Pau Cubarsí
 
Statystyki odpowiedzi
Odpowiedź % Poprawnych
Cristiano Ronaldo
99%
Karim Benzema
97%
Kylian Mbappé
92%
Gareth Bale
91%
Luka Modrić
89%
Vinícius Júnior
88%
Federico Valverde
87%
Jude Bellingham
87%
Ángel Di María
85%
David Alaba
83%
Keylor Navas
83%
Marcelo
83%
Raphaël Varane
83%
Toni Kroos
79%
Xabi Alonso
75%
Achraf Hakimi
73%
Dani Ceballos
72%
Jerzy Dudek
71%
Mesut Özil
71%
Theo Hernández
62%
Ricardo Carvalho
47%
Emmanuel Adebayor
40%
Nie znaleziono quizów pasujących do podanych kryteriów
Rozkład punktacji
Procent ludzi z każdym wynikiem
Percentyl według liczby udzielonych odpowiedzi
Twoja historia wyników
Nie rozwiązałeś tego quizu